000
00320nam a2200121Ia 4500
008
241002s9999 xx 000 0 und d
082
_a
297.55 RIC
100
_a
Richard, F. Burton
245
0
_a
Personal Narrative of a Pilgrimage to Al Madinah & Meccah
260
_a
New York:
_c
1964
600
_a
Religion
942
_c
UC
999
_c
18695
_d
18695